<?xml version="1.0" encoding="UTF-8"?><?xml-stylesheet type="text/xsl" href="static/style.xsl"?><OAI-PMH xmlns="http://www.openarchives.org/OAI/2.0/" xmlns:xsi="http://www.w3.org/2001/XMLSchema-instance" xsi:schemaLocation="http://www.openarchives.org/OAI/2.0/ http://www.openarchives.org/OAI/2.0/OAI-PMH.xsd"><responseDate>2026-04-28T15:18:35Z</responseDate><request verb="GetRecord" identifier="oai:repisalud.isciii.es:20.500.12105/15960" metadataPrefix="marc">https://repisalud.isciii.es/rest/oai/request</request><GetRecord><record><header><identifier>oai:repisalud.isciii.es:20.500.12105/15960</identifier><datestamp>2025-06-12T10:59:18Z</datestamp><setSpec>com_20.500.12105_15939</setSpec><setSpec>com_20.500.12105_5568</setSpec><setSpec>com_20.500.12105_2404</setSpec><setSpec>com_20.500.12105_2403</setSpec><setSpec>com_20.500.12105_2052</setSpec><setSpec>com_20.500.12105_2051</setSpec><setSpec>col_20.500.12105_15940</setSpec><setSpec>col_20.500.12105_19608</setSpec></header><metadata><record xmlns="http://www.loc.gov/MARC21/slim" xmlns:dcterms="http://purl.org/dc/terms/" xmlns:doc="http://www.lyncode.com/xoai" xmlns:xsi="http://www.w3.org/2001/XMLSchema-instance" xsi:schemaLocation="http://www.loc.gov/MARC21/slim http://www.loc.gov/standards/marcxml/schema/MARC21slim.xsd">
   <leader>00925njm 22002777a 4500</leader>
   <datafield ind2=" " ind1=" " tag="042">
      <subfield code="a">dc</subfield>
   </datafield>
   <datafield ind2=" " ind1=" " tag="720">
      <subfield code="a">Peñuelas, Marina</subfield>
      <subfield code="e">author</subfield>
   </datafield>
   <datafield ind2=" " ind1=" " tag="720">
      <subfield code="a">Guerrero-Vadillo, María</subfield>
      <subfield code="e">author</subfield>
   </datafield>
   <datafield ind2=" " ind1=" " tag="720">
      <subfield code="a">Diaz Garcia, Maria Oliva</subfield>
      <subfield code="e">author</subfield>
   </datafield>
   <datafield ind2=" " ind1=" " tag="720">
      <subfield code="a">García-García, David</subfield>
      <subfield code="e">author</subfield>
   </datafield>
   <datafield ind2=" " ind1=" " tag="720">
      <subfield code="a">Varela Martinez, Maria del Carmen</subfield>
      <subfield code="e">author</subfield>
   </datafield>
   <datafield ind2=" " ind1=" " tag="260">
      <subfield code="c">2023</subfield>
   </datafield>
   <datafield ind2=" " ind1=" " tag="520">
      <subfield code="a">Introducción: El botulismo es una enfermedad de baja incidencia, grave y capaz de producir brotes. Las Comunidades Autónomas notifican casos sospechosos, probables y confirmados a la Red Nacional de Vigilancia Epidemiológica (RENAVE), gestionada por el Centro Nacional de Epidemiología (CNE). El objetivo del estudio fue evaluar la sensibilidad del sistema de vigilancia de botulismo alimentario, intestinal y de heridas. Método: Se empleó metodología captura-recaptura, utilizando como fuentes de información todos los casos notificados en RENAVE y los registros del Conjunto Mínimo Básico de Datos (CMBD) con diagnóstico principal de botulismo. Debido a cambios metodológicos en CMBD se dividió el periodo en dos tramos: 1997-2015 y 2016-2019. Se identificaron los casos coincidentes en ambas bases mediante las variables fecha de nacimiento, sexo y fecha y provincia de hospitalización. Se estimó el número total de casos aplicando el método Chapman-Seber. Los casos incluidos en el CMBD pero ausentes en RENAVE se analizaron en un estudio complementario utilizando información procedente de otras Fuentes. Resultados: La sensibilidad de la RENAVE fue del 64,4% y del 78,7% para el botulismo alimentario, siendo inferior a la obtenida por el CMBD. Para botulismo intestinal la RENAVE fue más sensible que el CMBD en el segundo periodo, con un nivel cercano al 90%. No se identificaron casos asociados a heridas en la RENAVE. Conclusiones: La sensibilidad de RENAVE aumentó en el segundo periodo, aunque es necesario reforzar la notificación individualizada para reducir la pérdida de casos.</subfield>
   </datafield>
   <datafield ind1="8" ind2=" " tag="024">
      <subfield code="a">Peñuelas M, Guerrero-Vadillo M, Díaz-García O, García-García D, Varela C. Evaluación de la sensibilidad del sistema de vigilancia del botulismo en España entre 1997 y 2019. Boletín Epidemiológico Semanal. 2023;31(1):37-43</subfield>
   </datafield>
   <datafield ind1="8" ind2=" " tag="024">
      <subfield code="a">ISSN-L 2173-9277</subfield>
   </datafield>
   <datafield ind1="8" ind2=" " tag="024">
      <subfield code="a">http://hdl.handle.net/20.500.12105/15960</subfield>
   </datafield>
   <datafield ind1="8" ind2=" " tag="024">
      <subfield code="a">2173-9277</subfield>
   </datafield>
   <datafield ind1="8" ind2=" " tag="024">
      <subfield code="a">Boletín Epidemiológico Semanal</subfield>
   </datafield>
   <datafield tag="653" ind2=" " ind1=" ">
      <subfield code="a">Botulismo</subfield>
   </datafield>
   <datafield tag="653" ind2=" " ind1=" ">
      <subfield code="a">Vigilancia epidemiológica</subfield>
   </datafield>
   <datafield tag="653" ind2=" " ind1=" ">
      <subfield code="a">Captura-recaptura.</subfield>
   </datafield>
   <datafield ind2="0" ind1="0" tag="245">
      <subfield code="a">Evaluación de la sensibilidad del sistema de vigilancia del botulismo en España entre 1997 y 2019</subfield>
   </datafield>
</record></metadata></record></GetRecord></OAI-PMH>